Input Alimentaire - Statistiques

Statistiques générales
  • Ce quiz a été pris 3 fois
  • Le résultat moyen est 3 sur 15
Statistiques - réponses
Hint Réponse % Correct
Macronutriments (apportent de l’énergie et sont nécessaires en grande quantité) Glucides
100%
Macronutriments Lipides
100%
Micronutriments (nécessaires en petites quantités mais essentiels pour le bon fonctionnement du corps) Protéines
100%
Fibres (essentielles pour la santé digestive) Fibres solubles
33%
Antioxydants Autres antioxydants
0%
Antioxydants Composés phytochimiques
0%
Fibres Fibres insolubles
0%
Antioxydants Minéraux antioxydants
0%
Micronutriments Minéraux et oligo-éléments
0%
Acides gras essentiels (lipides que le corps ne peut pas synthétiser) Oméga-3 et oméga-6
0%
Probiotiques et prébiotiques prébiotiques
0%
Probiotiques et prébiotiques (pour la santé intestinale) Probiotiques
0%
Antioxydants (composés protégeant les cellules du stress oxydatif) Vitamines antioxydantes
0%
Micronutriments Vitamines Hydrosolubes
0%
Micronutriments Vitamines Liposolubles
0%
Aucun quiz correspondant
Distribution des résultats
% des personnes avec chaque résultat
Percentile par nombre de réponses
Votre historique - résultats
Vous n’avez pas pris ce quiz